000 00800nam a2200181Ia 4500
008 090124s9999 xx 000 0 und d
082 _b20460
_a1147
100 _aबापट भा. वे. आणि आफळे रा. रा.
245 _a शिक्षणाचे मानसशास्त्रीय अधिष्ठान
250 _a1
260 _c1973
300 _a415
600 _aबापट भा. वे. आणि आफळे रा. रा.
630 _a शिक्षणाचे मानसशास्त्रीय अधिष्ठान
700 _aबापट भा. वे. आणि आफळे रा. रा.
730 _a शिक्षणाचे मानसशास्त्रीय अधिष्ठान
942 _cBOOK
999 _c134266
_d134266